Responses for show #4480 - Friday, February 13, 2004

2004 Teen Tournament quarterfinal game 5.

Contestants

[<< previous game]

Jason Rindenau, a senior from Marlboro, New Jersey

Chris Holden, a senior from Carlisle, Pennsylvania

Lauren Drell, a senior from Chatsworth, California

[next game >>]

Jeopardy! Round responses

INVENTION
CELEBRITY NAMES
THE DRIVING TEACHER
KANSAS CITY HERE WE COME
(Alex: In honor of St. Valentine's Day tomorrow, we have...)
LOVE LINES
WELL "RED"
    $200 2
(Frank) Zamboni

Chris
    $200 1
Witherspoon

Chris
    $200 9
a turn signal

Chris
    $200 22
the heart

Lauren
    $200 12
Romeo

Jason
    $200 14
Little Red Riding Hood

Chris
    $400 3
a printing press

Triple Stumper
    $400 5
Eminem

Jason
    $400 19
flood the engine

Chris
    $400 23
Harry Truman

Chris
    $400 13
How do I love thee?

Chris
    $400 15
a red giant

Lauren
    $600 4
the cotton gin

Lauren
    $600 6
Jack Black

Lauren
    $1,000 28
a pedestrian

Chris
    $600 24
[Alex read "HQ'ed" as "headquartered".]

Hallmark

Chris
    $600 20
a deer

Triple Stumper
    $600 16
"a red, red rose"

Jason
    $800 10
the clarinet

Jason
    $800 7
Colin

Jason
    $800 29
a roundabout (or traffic circle)

Lauren
    $800 25
(Ernest) Hemingway

Chris
    $800 21
Outkast

Triple Stumper
    $800 17
(Lauren: [*]? What are [*]?)

red blood cells

Lauren
    $1000 11
Polaroid

Triple Stumper
    $1000 8
Orlando Bloom

Triple Stumper
    $1000 30
a stopping distance

Lauren
    $1000 26
Charlie Parker

Triple Stumper
    $1000 27
(Jason: What is "...to have never loved at all"?)
(Lauren: What is...)
...
(Alex: Jason, I'll tell you what cost you--the split infinitive: it's [*].)

"...never to have loved at all"

LaurenJason
Triple Stumper
    $1000 18
the Red Crescent

Triple Stumper

Scores at the first commercial break (after clue 15):

Lauren Chris Jason
$1,600 $1,200 $2,200

Scores at the end of the Jeopardy! Round:

Lauren Chris Jason
$3,400 $4,400 $1,800

Double Jeopardy! Round responses

STATE CAPITALS
WHEN THEY WERE TEENS
SEA CREATURES
IT WAS IN ALL THE PAPERS
ON THE JOB
BEFORE & AFTER
    $400 1
Baton Rouge

Jason
    $400 13
clown

Jason
    $400 21
on their backs

Lauren
    $400 3
Saddam Hussein

Chris
    $400 23
shoes

Chris
    $400 5
(Chris: Open Sesame--what is [*]?)

Open Sesame Street

Chris
    $800 2
Lansing

Chris
    $800 14
JFK

Jason
    $800 22
sardine

Chris
    $800 4
tennis

Triple Stumper
    $800 24
private investigator

Jason
    $800 6
The Yellow Brick Road Runner

Chris
    $1200 10
Springfield

Chris
    $1200 15
The Dixie Chicks

Jason
    $1200 28
(Jason: What is caribou?)

seals

Jason
Triple Stumper
    $1200 18
Homeland Security

Jason
    $1200 25
a valet

Triple Stumper
    $1200 7
Hit Me Baby One More Time Machine

Lauren
    $1600 11
Harrisburg

Lauren
    $1600 16
Tara Lipinski

Chris
    $1600 29
a killer whale

Chris
    $1600 19
Gray Davis

Lauren
    $1600 26
(Alex: Sorry, Chris, not quickly enough.)

the miller

Triple Stumper
    $1600 8
the Elijah Woodchuck

Chris
    $1,500 12
(Lauren: What is Salem?)

Bismarck

Lauren
    $2000 17
Steven Tyler

Lauren
    $2000 30
(Lauren: What is a sea urchin?)

a starfish

Lauren
Triple Stumper
    $1,000 20
(Alex: [*], yes indeed; the man who conquered Mount Everest. Well done.)

Nepal

Lauren
    $2000 27
mason

Triple Stumper
    $2000 9
Birth of Venus Williams

Lauren

Scores at the end of the Double Jeopardy! Round:

Lauren Chris Jason
$9,700 $14,000 $5,400

Final Jeopardy! Round responses

GEOGRAPHIC SUPERLATIVES
(Alex: Because it flows into the Dead Sea, it is [*].)
...
[The four wild card semifinalists are: Kerry Lambeth, Meghan Apfelbaum, Heather Goodlett and Muhammad Meigooni.]
JasonWhat is the widest?
$5,400
LaurenWhat is the deepest?
$5,000
ChrisWhat is the saltiest?
$6,000
the lowest in elevation

Final scores:

Lauren Chris Jason
$4,700 $8,000 $0
2nd place: $2,500 if eliminated Automatic semifinalist 3rd place: $2,500 if eliminated

Game dynamics:

Coryat scores:

Lauren Chris Jason
$12,200 $13,600 $5,400
14 R
(including 1 DD),
3 W
(including 1 DD)
20 R
(including 1 DD),
0 W
11 R,
2 W

Combined Coryat: $31,200

The J! Archive is created by fans, for fans. The Jeopardy! game show and all elements thereof, including but not limited to copyright and trademark thereto, are the property of Jeopardy Productions, Inc. and are protected under law. This website is not affiliated with, sponsored by, or operated by Jeopardy Productions, Inc. Join the discussion at JBoard.tv.